Normal view
MARC view
- NELSON, BILL
Entry Personal Name
001 - CONTROL NUMBER
- control field: 55485
003 - CONTROL NUMBER IDENTIFIER
- control field: NUST
005 - DATE AND TIME OF LATEST TRANSACTION
- control field: 20210625104440.0
008 - FIXED-LENGTH DATA ELEMENTS
- fixed length control field: 210625|| aca||aabn | a|a d
040 ## - CATALOGING SOURCE
- Original cataloging agency: NUST
- Transcribing agency: NUST
100 ## - HEADING--PERSONAL NAME
- Personal name: NELSON, BILL
670 ## - SOURCE DATA FOUND
- Source citation: Work cat.: (NUST): NELSON, BILL, GUIDE TO COMPUTER FOREN SLES /, 2008.
